Lakers Quiz - Statistics

General Stats
  • This quiz has been taken 71 times
  • The average score is 13 of 17
Answer Stats
Hint Answer % Correct
Did Kobe play with the Lakers his whole career? yes
89%
What was Kobe's nickname? Black Mamba
87%
Who was Kobe's partner in crime after Shaq left? Pau Gasol
87%
What was Kareem Abdul- Jabbar known for? Skyhook
87%
How many rings did Shaq and Kobe win together? 3
85%
How many rings does Kobe Bryant have? 5
85%
Who was traded to the Lakers from the Pelicans a couple years ago? Anthony Davis
83%
Who were the 2020 Bubble Lakers led by? Lebron James
83%
What was Wilt Chamberlain's nickname? The Big Dipper
83%
What was the duo in the 60's for the Lakers who could not stop the Celtics? Jerry west and Elgin Baylor
80%
What was Earvin Johnson's nickname? Magic
80%
Who is on the logo? Jerry West
78%
Who made up the trio for the Lakers in the 80's? Magic Johnson, Kareem Abdul-Jabbar and James Worthy
76%
Who is the GOAT Michael Jordan
74%
How many teams did Shaq play for? 6
72%
Who is the leading scorer for the LA Lakers Kobe Bryant
63%
Who was the star of the Lakers in the 1950's? George Mikan
54%
No matching quizzes found
Score Distribution
Percent of People with Each Score
Percentile by Number Answered
Your Score History
You have not taken this quiz